00315nam a2200133Ia 45000030006000000080041000060400015000471000016000622450055000782500010001332600009001435460012001520050017001640STCL150530s9999 xx 000 0 und d aSTCLcSTCL aMeetham, A. aEncyclopedia of lingustics information and control aFirst c1969 aEnglish20220125170909.0